000 00469nab a2200145Ia 4500
003 ES-SlBCS
005 20210601140847.0
008 140529s2010 xxu||||| |||| 00| 0 spa d
041 _aspa
100 1 _aMoreno García, María de los Ángeles
_9248758
245 0 0 _aSantiago de Compostela
_c María de los Ángeles Moreno García
651 4 _aSantiago de Compostela
_986283
773 0 _tDescubrir el Arte
_gvol. 12, nº. 137, 2010, págs. 44-45
_wRev1149
942 _cAR
999 _c651255
_d651255